| 000 | 01614nam a2200397 c 4500 | ||
|---|---|---|---|
| 001 | 60860 | ||
| 003 | CO-BoRNBP | ||
| 005 | 20260413201151.0 | ||
| 007 | ta | ||
| 008 | 221101r20162017ck er 000 0 spa d | ||
| 020 | _a9789588926186 | ||
| 040 |
_aCO-BoRNBP _bspa _erda _cCO-BoRNBP |
||
| 041 | 0 | _aspa | |
| 043 | _as-ck--- | ||
| 082 | 0 | 4 |
_aCo864.08 _bZ16m _223 |
| 100 | 1 | 0 |
_aZapata Olivella, Manuel, _d1920-2004 _eaut _91211 |
| 245 | 1 | 0 |
_aManuel Zapata Olivella. Un legado intercultural. : _bPerspectiva intelectual, literaria y política de un afrocolombiano cosmopolita / _cpresentación, selección y compilador William Mina Aragón. |
| 250 | _a1a. edición | ||
| 264 | 1 |
_aBogotá, Colombia : _bEdiciones Desde Abajo, _c2017 |
|
| 300 | _a580 páginas | ||
| 336 |
_atexto _btxt _2rdacontent |
||
| 337 |
_asin mediación _bn _2rdamedia |
||
| 338 |
_avolumen _bnc _2rdacarrier |
||
| 490 | 0 | _aPersistente memoria | |
| 500 | _aEl material correspondiente a la dotación PNLB 2022, corresponde al año 2016 | ||
| 504 | _aIncluye referencias bibliográficas | ||
| 521 | _aRecomendado para público adulto | ||
| 600 | 1 | 0 |
_aZapata Olivella, Manuel, _d1920-2004 _xCrítica e interpretacion _92149 |
| 600 | 1 | 0 |
_aZapata Olivella, Manuel, _d1920-2004 _xHomenajes _969627 |
| 650 | 1 | 7 |
_aAfrocolombianos _xCostumbres y prácticas _2lemb _969628 |
| 650 | 1 | 7 |
_aNegros _xCostumbres y prácticas _2lemb _961170 |
| 650 | 1 | 7 |
_aLiteratura colombiana _vEnsayos, conferencias, etc. _2rnbp _969629 |
| 650 | 1 | 7 |
_aLiteratura colombiana _xHistoria y crítica _2rnbp _969630 |
| 700 | 1 | 0 |
_aMina Aragón, William _ecom _969631 |
| 942 |
_2ddc _cBK |
||
| 999 |
_c60860 _d60860 |
||